| 000 | 01003cam a22003137a 4500 | ||
|---|---|---|---|
| 003 | CHAP | ||
| 005 | 20220329134233.0 | ||
| 008 | 971013s r 00010 d | ||
| 010 | _a17422 | ||
| 011 | _a18394 | ||
| 035 | _a22479 | ||
| 040 | _cCHAP | ||
| 090 | _aR-1304 | ||
| 100 | 0 | 0 |
_aHunziker, Armando T. _956961 |
| 245 | 1 | 4 | _aLas especies alimenticias de Amaranthus y Chenopodium cultivadas por los indios de América |
| 500 | _aSobretiro de : Rev. Argentina de Agronomía. 10(4):297-354, 1943 | ||
| 590 |
_aBATCH-UPD _b10 _c20130110 _lUCH01 _h0156 |
||
| 590 |
_aBATCH-UPD _b10 _c20130110 _lUCH01 _h1841 |
||
| 590 |
_aBATCH-UPD _b10 _c20130410 _lUCH01 _h1211 |
||
| 590 |
_aBATCH-UPD _b10 _c20130914 _lUCH01 _h0739 |
||
| 590 |
_aCONVERSION _b10 _c20130109 _lUCH01 _h1311 |
||
| 650 | 1 | 4 |
_aAmaranthus. _95103 |
| 650 | 1 | 4 |
_aBotánica económica. _914655 |
| 650 | 1 | 4 |
_aChenopodium. _922145 |
| 650 | 1 | 4 |
_aQuinoa. _993342 |
| 901 | _aBK | ||
| 942 | _cREIMP | ||
| 949 |
_aR-1304 _bBC _cR _d-52726 _eTS1 _i22479 _si |
||
| 999 |
_c17422 _d17422 |
||